Normal view MARC view

Entry Nombre personal

Number of records used in: 6

001 - NÚMERO DE CONTROL

  • campo de control: 143808

003 - IDENTIFICADOR DE NÚMERO DE CONTROL

  • campo de control: SpMaBN

005 - FECHA Y HORA DE LA ÚLTIMA TRANSACCIÓN

  • campo de control: 20231218155127.0

008 - ELEMENTOS DE DATO DE LONGITUD-FIJA

  • campo de control de longitud fija: 031226n| aijnnaabn |a aac

016 ## - NÚMERO DE CONTROL DE UNA AGENCIA BIBLIOGRÁFICA NACIONAL

  • Número de control del registro: BNE20033381993

040 ## - FUENTE DE CATALOGACIÓN

  • Centro catalogador/agencia de origen: SpMaBN
  • Lengua de catalogación: spa
  • Centro/agencia transcriptor: SpMaBN
  • Normas de descripción: rdc
  • Convención/Normas de encabezamiento de materia/tesauro: embne

100 1# - ENCABEZAMIENTO-NOMBRE DE PERSONA

  • Nombre de persona: Nogales Herrera, José María,
  • Fechas asociadas al nombre: 1957-

373 ## - GRUPO ASOCIADO

  • Grupo asociado: Ateneo de Madrid
  • Fuente de información: Olmos, Víctor. Ágora de la libertad: historia del Ateneo de Madrid (2018-2019)

400 1# - TRAZADO DE VÉASE--NOMBRE DE PERSONA

  • Nombre de persona: Nogales Herrera, José-María,
  • Fechas asociadas al nombre: 1957-

670 ## - FUENTE DE DATOS ENCONTRADOS

  • Cita de la fuente: Historia de la civdad de Complvto ..., 2003 (facs. de la ed. de 1725-1728)
  • Información encontrada: p. 11 del cuadernillo (José-María Nogales Herrera)

678 ## - DATOS BIOGRÁFICOS O HISTÓRICOS

  • Datos biográficos o históricos: Socio del Ateneo de Madrid. Socio bibliotecario del Ateneo en 2018-19
  • Ampliación de la nota: Fuente: Olmos, Víctor. Ágora de la libertad: historia del Ateneo de Madrid (2018-2019)